000 00722nam a2200265Ia 4500
005 20260121170703.0
008 008 260114s9999 xx 000 0 eng d
020 _a9783319769448
037 _aEBOOK
040 _aCRL
040 _beng
040 _cCRL
041 _2eng
041 _aeng
084 _qCRL
100 _aGrazia Brunetta, Ombretta Caldarice, Nicola Tollin, Marti Rosas-Casals, Jordi Morató
_91066936
245 0 _aUrban Resilience for Risk and Adaptation Governance
260 _bSpringer
260 _bSpringer
260 _c2019
856 _uhttps://link.springer.com/openurl?genre=book&isbn=978-3-319-76944-8
942 _cEBOOK
999 _c1632666
_d1632666